000 00912nam a22002057a 4500
003 OSt
005 20170424151557.0
008 150407b xxu||||| |||| 00| 0 eng d
040 _cCRI
082 _a659.2
100 _941093
_aCrespín Herrera, José Agustín
245 1 0 _aDesarrollo de imagen corporativa y diseño de estrategias competitivas para Multi Activos S.A. de C.V
_b: Proyecto
_cJosé Agustín Crespín Herrera, Juan Rosa Urías López
260 _aIlobasco (Cabañas)
_bUniversidad Católica de El Salvador
_c2015
300 _a37 p.
_c27 cm
_e+ 1 disco compacto
502 _aTrabajo de graduación para optar al grado académico de Licenciado/a en Mercadeo y Negocios Internacionales
650 0 _98781
_aImagen corporativa
700 _941094
_aUrías López, Juan Rosa
710 _940915
_aUniversidad Católica de El Salvador
_bCentro Regional de Ilobasco
942 _2ddc
_cTG
_hprozim
999 _c27577
_d27577